00954cac a22002531u 4500090000900000008004100009010001600050035001800066082001600084100003400100245010300134250005700237260004200294300003500336500001600371500004100387504003900428650002700467650002400494700003400518942002300552999001500575952011000590 c3428081223t 1951xxu||||| |||| 00| 0 eng d a 51011117 a(OCoLC)353168 a658.01bALF aAlford, Leon Pratt, 10aPrinciples of industrial management /c[by] L.P. Alford ; Revised and Written by H.Russell Beatty. aRev. ed. /brev. and rewritten by H. Russell Beatty. aNew York :bRonald Press Co.,cc1951. axxii, 779 p. :bill. ;c24 cm. aDonations . aDonations - Bibliotheca Alexandrina. aIncludes bibliographies and index. 0aIndustrial management. 0aFactory management.1 aBeatty, Henry Russell,d1906- cBBk658.01ALF2ddc c3428d3428 00102ddc4070aMAINbMAINc1STd2011-04-07ePurchasel0o658.01 ALFp000030420r2025-07-15 00:00:00yBB